000 01352nam a2200373 a 4500
005 20240325131452.0
008 100916t1999||||ag a f |||| 001 0 spa d
020 _a9509539384
041 _aspa
092 _c616.0757
_l16
_sDIA
245 _aDiagnóstico por imágenes para alumnos y médicos residentes /
_cFrancisco A. Eleta
250 _a1a ed.
260 _aBuenos Aires:
_bTemis Lostalo;
_c1999.
300 _a180 p.
_bil.
500 _aEleta, F. A. et al. (1999). Diagnóstico por imágenes para alumnos y médicos residentes. (1a ed.). Buenos Aires : Temis Lostalo.
653 _aMetodos de diagnóstico por imágenes
653 _aSistema respiratorio, diafragma y mediastino
653 _aCorazón y sistema circulatorio
653 _aAbdomen en general y sistema digestivo
653 _aSistema genitourinario
653 _aSistema ginecológico y obstetricia
653 _aSistema musculoesqueletico
653 _aCabeza ósea
653 _aSistema nervioso central
653 _aRadiología intervencionista
700 1 _aEleta, Francisco A.
_9802
700 1 _aVelán, Osvaldo.
_9803
700 1 _aSan Román, José Luís.
_9804
700 1 _aBlejman, Oscar.
_9805
700 1 _aRasumoff, Alejandro
_91476
700 1 _aFarías, Patricia
_91474
700 1 _aGarcía Mónaco, Ricardo
_91477
942 _2ddc
_cBK
999 _c2248
_d2248